Carregant...

Diwan Sankara Variyar of Cochin a biographical sketch /

Dades bibliogràfiques
Autor principal: Achyuta Menon, C.
Idioma:Undetermined
Publicat: 1922.
LEADER 00732nam a2200145Ia 4500
001 97067
008 170722s9999 xx 000 0 und d
100 |a Achyuta Menon, C. 
245 |a Diwan Sankara Variyar of Cochin  |b a biographical sketch / 
260 |c 1922. 
942 |c GEN 
999 |c 32496  |d 32496 
952 |0 0  |1 0  |4 0  |6 V_212621WL98_F2F2_KR_GB  |7 0  |9 41531  |a LIB  |b LIB  |d 2017-08-12  |o V2126,21wL98 F2-F2 (KR) (GB)  |p 18268  |r 2017-08-12  |w 2017-08-12  |y GEN 
952 |0 0  |1 0  |4 0  |6 V_212621WL98_F2F2_KR_GB  |7 0  |8 CR  |9 41532  |a LIB  |b LIB  |d 2017-08-12  |h CR  |o V2126,21wL98 F2-F2 (KR) (GB)  |p 52139  |r 2017-08-12  |w 2017-08-12  |y GEN 
952 |0 0  |1 0  |4 0  |6 V_212621WL98_F2F2_KR_GB  |7 0  |8 CR  |9 41533  |a LIB  |b LIB  |d 2017-08-12  |h CR  |o V2126,21wL98 F2-F2 (KR) (GB)  |p 52140  |r 2017-08-12  |w 2017-08-12  |y GEN